Best-Selling Greatest Hits Albums - Statistics

General Stats
  • This quiz has been taken 70 times
  • The average score is 5 of 9
Answer Stats
Year Sales Album Artist / Band % Correct
2000 31M 1 The Beatles
92%
1976 42M Their Greatest Hits (1971-1975) The Eagles
76%
1990 31M The Immaculate Collection Madonna
73%
1992 30M Gold: Greatest Hits ABBA
59%
1984 25M Legend: The Best of ___ ______ _ ___ _______ Bob Marley & the Wailers
56%
1981 25M Greatest Hits Queen
51%
1974 24M Greatest Hits Elton John
40%
1999 22M All the Way... A Decade of Song Celine Dion
21%
1994 21M Cross Road Bon Jovi
19%
No matching quizzes found
Score Distribution
Percent of People with Each Score
Percentile by Number Answered
Your Score History
You have not taken this quiz